| 000 | 01140nam a22002297a 4500 | ||
|---|---|---|---|
| 005 | 20120203111810.0 | ||
| 010 | _aB-452355-357 | ||
| 020 |
_a9780140240665 _c199.00 |
||
| 035 | _aB-452355-357 | ||
| 037 | _bVirtuous Pub/Ven | ||
| 082 | _aS | ||
| 245 |
_aThe penguin book of Indian railway stories / _cedited by Ruskin Bond |
||
| 260 |
_aNew Delhi _bPenguin Books _c1994 |
||
| 270 |
_a11 Community Centre,Panchsheel Park, _bNew Delhi _e110017 |
||
| 300 |
_a184p. _c20cm(pbk) |
||
| 700 |
_aBond,Ruskin _940750 |
||
| 942 |
_2ddc _cEN _mTHE _hS |
||
| 999 |
_c61934 _d61934 |
||